banner-ar

عزلة غابرييل غارسيا ماركيز / (Record no. 48535)

MARC details
000 -الفاتح
حقل البيانات ثابتة الطول 00623nam a2200205Ia 4500
008 - عناصر البيانات ثابتة الطول - معلومات عامة
حقل البيانات ثابتة الطول 140319s9999 xx 000 0 ara d
040 ## - مصدر الفهرسة
وكالة الفهرسة الأصلية GCL /
وكالة النسخ GCL
082 04 - رقم تصنيف ديوى العشرى
رقم التصنيف 863.009
رقم المادة ب ع
100 1# - المدخل الرئيسى - إسم شخصى
الإسم الشخصى انعام الجندى
245 10 - بيان العنوان
العنوان عزلة غابرييل غارسيا ماركيز /
بيان المسئوليه,etc انعام الجندى
700 1# - المدخل الاضافى - اسم شخصى
الإسم الشخصى براسو، ميغيل فرنانديز
700 1# - المدخل الاضافى - اسم شخصى
الإسم الشخصى ناديا ظافر شعبان
300 ## - الوصف المادى
التعداد 118 ص
490 ## - بيان السلسلة
عنوان السلسلة
650 04 - المدخل الاضافى بالموضوع-مصطلح موضوعى
مصطلح موضوعي الادب
650 04 - المدخل الاضافى بالموضوع-مصطلح موضوعى
مصطلح موضوعي الادب الاسبانى
650 04 - المدخل الاضافى بالموضوع-مصطلح موضوعى
مصطلح موضوعي الادب الاسبانى - تاريخ ونقد
942 ## - عناصر المدخل الإضافي( كوها)
مصدر التصنيف او مخطط الترفيف Dewey Decimal Classification
Koha [default] item type كتاب
Holdings
حالة التراجع حالة الفقد حالة تلف ليس للاعارة المكان المؤقت الموقع الحالى تاريخ الاكتساب اجمالي اﻻعارات رقم الطلب الباركود تاريخ اخر مشاهدة تاريخ تفعيل السعر نوع وعاء كوها
        مكتبة القاهرة الكبرى مكتبة القاهرة الكبرى 03/26/2014   863.009\ب ع 117188 03/26/2014 03/26/2014 كتاب

Powered By

EGPV